000 00499nam a2200145Ia 4500
003 OSt
005 20260202123338.0
008 211028s2019 xx 000 0 und d
040 _cAIMIT LIBRARY
041 _aeng
100 _aAgnelo, Fernandes Ashley; James, Justin.
_g1716032
_98012
245 _aStudy on factors influencing work motivation of employees with special reference to Karnataka Leposy care centre( KLCC) Puri Odisha /
260 _aMangalore
_bRajani Suresh
_c2019
942 _2ddc
_cPRO
999 _c219580
_d219580